Yleistieto - Antiikin Rooma #1 - Statistics

Yleistilastot
  • Tätä visaa on pelattu 533 kertaa
  • Keskiarvotulos 11 / 22
Vastaustilastot
Vihje Vastaus % Oikein
Roomassa puhuttu kieli Latina
93%
Legendan mukaan Rooman perustaneet kaksoset Romulus
86%
Legendan mukaan Rooman perustaneet kaksoset Remus
83%
Gallian valloittanut sotilasjohtaja, josta tuli diktaattori Julius Caesar
73%
Rooman suuri areena, joka tunnettiin antiikin aikaan "Flaviusten amfiteatterina" Colosseum
68%
Tämän keisarin kerrotaan soittaneen lyyraa Rooman palaessa Nero
68%
Rooman ensimmäinen keisari Augustus
58%
Toinen nimitys kreikankieliselle Itä-Rooman valtakunnalle Bysantin valtakunta
54%
Veden kuljettamista varten rakennettu siltarakennelma Akvedukti
52%
Rooma soti tätä kaupunkivaltiota vastaan kolmesti vuosina 264–146 eaa. Karthago
47%
Konstantinopolin tunnetuin kirkko Hagia Sofia
46%
Roomalaisten ylijumala Juppiter
44%
Noin 300-500 rikkaasta Rooman kansalaisesta koostunut neuvosto Senaatti
41%
Tätä myrkyllistä ainetta käytettiin vesijohtoihin ja viinien makeuttamiseen Lyijy
37%
Kaikkia jumalia varten rakennettu temppeli, joka tunnetaan pyöreästä betonikupolistaan Pantheon
37%
Pohjois-Englantiin muurin rakennuttanut keisari Hadrianus
35%
Nimitys yllä oleville sodille Puunilaissodat
35%
Vuosien 73–71 eaa. suurta orjakapinaa johtanut gladiaattori Spartacus
32%
Kuuluisa tie Roomasta Brindisiin Via {Appia}
29%
Kristinuskoon kääntynyt keisari, joka siirsi pääkaupungin pois Roomasta Konstantinus
26%
Rooman valtakunta oli laajimmillaan tämän keisarin vallan aikaan Trajanus
13%
Yllä oleva salamurhattiin tänä vuoden päivänä 15. maaliskuuta
9%
Ehtoja vastaavia visoja ei löytynyt
Tulosjakauma
Jokaisen tuloksen saaneiden osuus
Persentiili vastausten määrän mukaan
Tuloshistoriasi
Et ole pelannut tätä visaa